[Event "Florianopolis op-A"]
[Site "Florianopolis"]
[Date "2023.09.23"]
[Round "4"]
[White "Dornelles, Marcio Neron Camarg"]
[Black "Bueno, Alfeu Varela Jr"]
[Result "0-1"]
[WhiteElo "1971"]
[BlackElo "2135"]
[PlyCount "44"]
[EventDate "2023.09.22"]
[EventType "swiss"]
[EventRounds "6"]
[EventCountry "BRA"]
[SourceTitle "EXT 2024"]
[Source "ChessBase"]
[SourceDate "2023.10.10"]
[SourceVersion "1"]
[SourceVersionDate "2023.10.10"]
[SourceQuality "1"]

1. e4 e6 2. d4 d5 3. Nd2 Nf6 4. e5 Nfd7 5. Bd3 c5 6. c3 Nc6 7. Ne2 cxd4 8. cxd4 f6 9. exf6 Nxf6 10. Nf4 Nxd4 11. 0-0 Bd6 12. Qa4+ Nc6 13. Re1 Bxf4 14. Qxf4 0-0 15. Qh4 e5 16. Nf1 e4 17. Bb1 Nd4 18. Ng3 Qa5 19. Rd1 Nb3 20. axb3 Qxa1 21. Bc2 Bg4 22. Rf1 Rac8 0-1

[Event "Joao Pessoa op"]
[Site "Joao Pessoa"]
[Date "2023.03.18"]
[Round "4"]
[White "Dornelles, Marcio Neron Camarg"]
[Black "Lima, Edson Henrique"]
[Result "1-0"]
[WhiteElo "1960"]
[BlackElo "1748"]
[PlyCount "87"]
[EventDate "2023.03.17"]
[EventType "swiss"]
[EventRounds "6"]
[EventCountry "BRA"]
[SourceTitle "EXT 2024"]
[Source "ChessBase"]
[SourceDate "2023.10.10"]
[SourceVersion "1"]
[SourceVersionDate "2023.10.10"]
[SourceQuality "1"]

1. d4 Nf6 2. c4 Nc6 3. Nf3 e6 4. a3 d5 5. cxd5 exd5 6. Bg5 Be7 7. Nc3 Ne4 8. Bxe7 Nxe7 9. e3 Nxc3 10. bxc3 Bf5 11. Be2 0-0 12. 0-0 Qd6 13. c4 dxc4 14. Bxc4 c5 15. Qb3 Nc6 16. dxc5 Qxc5 17. Rac1 Qe7 18. Bb5 Ne5 19. Nd4 Be4 20. f3 Bc6 21. Nxc6 Nxc6 22. Bxc6 bxc6 23. Rxc6 Rab8 24. Qc3 Rfe8 25. e4 Qg5 26. Rd1 h5 27. Rc5 Qg6 28. h4 Qb6 29. Kh2 Qb3 30. Qxb3 Rxb3 31. a4 Ra3 32. a5 g6 33. Rd7 a6 34. Rd6 Re6 35. Rxe6 fxe6 36. Kg3 Kf7 37. Kf4 Ke7 38. Kg5 Kd6 39. Rc8 Rxa5+ 40. Kxg6 Ra2 41. g4 hxg4 42. fxg4 Rg2 43. g5 Ke5 44. Rc6 1-0

[Event "Joao Pessoa de Assis Memorial 1st"]
[Site "Joao Pessoa"]
[Date "2019.11.15"]
[Round "1"]
[White "De Medeiros, Yasmin Soares"]
[Black "Dornelles, Marcio Neron Camarg"]
[Result "1/2-1/2"]
[WhiteElo "1603"]
[BlackElo "1962"]
[PlyCount "140"]
[EventDate "2019.11.15"]
[EventType "swiss"]
[EventRounds "6"]
[EventCountry "BRA"]
[SourceTitle "CBM 193 Extra"]
[Source "ChessBase"]
[SourceDate "2020.01.31"]
[SourceVersion "1"]
[SourceVersionDate "2020.01.31"]
[SourceQuality "1"]

1. d4 Nf6 2. Bf4 g6 3. h3 Bg7 4. e3 0-0 5. Be2 c5 6. c3 Qb6 7. Qb3 Nc6 8. Nd2 Qxb3 9. axb3 cxd4 10. cxd4 d5 11. Ngf3 Bf5 12. 0-0 Rfc8 13. Rfc1 a6 14. Ra4 h6 15. b4 Bd7 16. b5 Na7 17. Rc7 Rxc7 18. Bxc7 Bxb5 19. Bxb5 Nxb5 20. Bb6 Nd7 21. Ba5 Rc8 22. Ra1 Rc2 23. Rb1 e5 24. Ne1 Rc8 25. Nb3 exd4 26. Nxd4 Bxd4 27. exd4 Nxd4 28. Rd1 Rc4 29. Kf1 Nc5 30. Bc3 Ncb3 31. Nd3 Nb5 32. Bf6 Rc6 33. Be5 f6 34. Bf4 g5 35. Bg3 d4 36. Nb4 Re6 37. Nd3 Kf7 38. Nb4 a5 39. Nd5 Rc6 40. Re1 Re6 41. Rd1 f5 42. Nc7 Nxc7 43. Bxc7 Rc6 44. Be5 Rc4 45. f4 g4 46. hxg4 fxg4 47. Kg1 Kg6 48. Kh2 Kf5 49. Kg3 h5 50. Rh1 d3 51. Rxh5+ Ke4 52. Bc3 d2 53. Re5+ Kd3 54. Rd5+ Kc2 55. Bxd2 Nxd2 56. Rxa5 Ne4+ 57. Kxg4 Nc5 58. Rb5 Ne6 59. g3 Rc7 60. f5 Nd4 61. Rb6 Kd3 62. Kg5 Ke4 63. g4 Ke5 64. Kg6 Nc6 65. f6 Kf4 66. g5 Ne5+ 67. Kh6 Nf7+ 68. Kg6 Ne5+ 69. Kh6 Nf7+ 70. Kg6 Ne5+ 1/2-1/2

[Event "Joao Pessoa Fischer Memorial 10th"]
[Site "Joao Pessoa"]
[Date "2019.03.29"]
[Round "2"]
[White "Brito, Luismar Jorge"]
[Black "Dornelles, Marcio Neron Camarg"]
[Result "1-0"]
[WhiteElo "2305"]
[BlackElo "1933"]
[PlyCount "79"]
[EventDate "2019.03.29"]
[EventType "swiss"]
[EventRounds "6"]
[EventCountry "BRA"]
[SourceTitle "CBM 190 Extra"]
[Source "ChessBase"]
[SourceDate "2019.07.15"]
[SourceVersion "1"]
[SourceVersionDate "2019.07.15"]
[SourceQuality "1"]

1. Nc3 e6 2. Nf3 d5 3. e4 Nf6 4. e5 Nfd7 5. d4 c5 6. dxc5 Nc6 7. Bf4 Bxc5 8. Bd3 f6 9. exf6 Qxf6 10. Bg3 0-0 11. 0-0 Nd4 12. Nxd4 Bxd4 13. Qd2 Ne5 14. Be2 Kh8 15. Rad1 Nc6 16. Nb5 Bb6 17. c3 e5 18. Qxd5 Be6 19. Qe4 Bf5 20. Qh4 Qe6 21. Bc4 Qg6 22. Rd6 Qe8 23. Be2 a6 24. Na3 Bc5 25. Rd2 e4 26. Rd5 Be7 27. Qh5 Bg6 28. Qh3 e3 29. Nc4 exf2+ 30. Bxf2 Be4 31. Rd2 Qg6 32. Bd3 Rad8 33. Bxe4 Qxe4 34. Rxd8 Bxd8 35. Nd6 Qd5 36. Nxb7 Ne5 37. Nxd8 Rxd8 38. Bd4 Ng6 39. Qf5 Qxa2 40. Bxg7+ 1-0

[Event "Curitiba Fexpar op 1st"]
[Site "Curitiba"]
[Date "2018.11.04"]
[Round "6"]
[White "Dias, Anderson Tatsch"]
[Black "Dornelles, Marcio Neron Camarg"]
[Result "1-0"]
[WhiteElo "2173"]
[BlackElo "1962"]
[PlyCount "55"]
[EventDate "2018.11.02"]
[EventType "swiss"]
[EventRounds "7"]
[EventCountry "BRA"]
[SourceTitle "EXT 2020"]
[Source "ChessBase"]
[SourceDate "2019.10.17"]
[SourceVersion "1"]
[SourceVersionDate "2019.10.17"]
[SourceQuality "1"]

1. d4 Nf6 2. c4 e6 3. Nf3 b6 4. g3 Ba6 5. Qa4 Bb7 6. Bg2 Be7 7. 0-0 0-0 8. Nc3 c5 9. dxc5 Bxc5 10. Rd1 Be7 11. Bf4 a6 12. Rd2 d6 13. Rad1 Nbd7 14. Bxd6 Bxd6 15. Rxd6 Qc7 16. Rxd7 Nxd7 17. Rxd7 Qc8 18. Rxb7 Qxb7 19. Ne5 Qc7 20. Bxa8 Rxa8 21. Qc6 Rc8 22. Qxc7 Rxc7 23. b3 b5 24. a4 f6 25. axb5 fxe5 26. b6 Rc6 27. c5 Kf8 28. b7 1-0

[Event "Curitiba Fexpar op 1st"]
[Site "Curitiba"]
[Date "2018.11.03"]
[Round "5"]
[White "Dornelles, Marcio Neron Camarg"]
[Black "Pereira, Armando Scharlau"]
[Result "1-0"]
[WhiteElo "1962"]
[BlackElo "1764"]
[PlyCount "27"]
[EventDate "2018.11.02"]
[EventType "swiss"]
[EventRounds "7"]
[EventCountry "BRA"]
[SourceTitle "EXT 2020"]
[Source "ChessBase"]
[SourceDate "2019.10.17"]
[SourceVersion "1"]
[SourceVersionDate "2019.10.17"]
[SourceQuality "1"]

1. d4 Nf6 2. c4 e6 3. Nc3 Bb4 4. e3 Bxc3+ 5. bxc3 c5 6. Bd3 0-0 7. Ne2 b6 8. 0-0 Nc6 9. e4 Ba6 10. Bg5 h6 11. Bh4 g5 12. Bg3 d6 13. f4 g4 14. Bh4 1-0

[Event "Florianopolis Regional STD op"]
[Site "Florianopolis"]
[Date "2018.10.13"]
[Round "3"]
[White "Dias, Juliane de Oliveira"]
[Black "Dornelles, Marcio Neron Camarg"]
[Result "1-0"]
[WhiteElo "1726"]
[BlackElo "1970"]
[PlyCount "61"]
[EventDate "2018.10.12"]
[EventType "swiss"]
[EventRounds "6"]
[EventCountry "BRA"]
[SourceTitle "CBM 186 Extra"]
[Source "ChessBase"]
[SourceDate "2018.08.24"]
[SourceVersion "1"]
[SourceVersionDate "2018.08.24"]
[SourceQuality "1"]

1. e4 e6 2. d4 d5 3. exd5 exd5 4. Nf3 Bd6 5. Bg5 Ne7 6. Bd3 Nbc6 7. c3 Bg4 8. Nbd2 Qd7 9. 0-0 0-0-0 10. Qa4 Kb8 11. Bb5 f6 12. Bh4 g5 13. Bg3 h5 14. c4 Bxg3 15. fxg3 h4 16. cxd5 Qxd5 17. Bc4 Qa5 18. Qxa5 Nxa5 19. gxh4 Nxc4 20. Nxc4 Bxf3 21. Rxf3 Rxd4 22. Re1 Nc6 23. hxg5 Rxc4 24. gxf6 Rd4 25. f7 Rf8 26. Re8+ Rd8 27. Rxf8 Rxf8 28. Re3 Kc8 29. Re8+ Kd7 30. Rxf8 Ke7 31. Rc8 1-0

[Event "Joao Pessoa Fischer Memorial 9th"]
[Site "Joao Pessoa"]
[Date "2018.03.18"]
[Round "6"]
[White "Dornelles, Marcio Neron Camarg"]
[Black "Pereira, Silvio Cunha"]
[Result "0-1"]
[WhiteElo "1984"]
[BlackElo "2284"]
[PlyCount "60"]
[EventDate "2018.03.16"]
[EventType "swiss"]
[EventRounds "6"]
[EventCountry "BRA"]
[SourceTitle "CBM 183 Extra"]
[Source "ChessBase"]
[SourceDate "2018.04.19"]
[SourceVersion "1"]
[SourceVersionDate "2018.04.19"]
[SourceQuality "1"]

1. d4 Nf6 2. c4 g6 3. Nc3 Bg7 4. e4 0-0 5. Nf3 d6 6. Be2 e5 7. d5 a5 8. Bg5 h6 9. Bh4 Qe8 10. Nd2 Nh7 11. b3 f5 12. f3 Bf6 13. Bf2 Na6 14. a3 Bg5 15. b4 Bd7 16. Rb1 axb4 17. axb4 Nf6 18. c5 Qe7 19. Nc4 dxc5 20. h4 Bf4 21. b5 Nb4 22. g3 fxe4 23. fxe4 Na2 24. Nxa2 Nxe4 25. gxf4 Rxa2 26. d6 Qe6 27. Nxe5 Nxf2 28. Qc1 Rxe2+ 29. Kxe2 Nxh1 30. Qe3 Qa2+ 0-1

[Event "Porto Alegre op"]
[Site "Porto Alegre"]
[Date "2017.11.26"]
[Round "5"]
[White "Dornelles, Marcio Neron Camarg"]
[Black "Schmidt, Nelton Vantuir"]
[Result "1-0"]
[WhiteElo "2002"]
[BlackElo "1820"]
[PlyCount "63"]
[EventDate "2017.11.24"]
[EventType "swiss"]
[EventRounds "5"]
[EventCountry "BRA"]
[SourceTitle "CBM 181 Extra"]
[Source "ChessBase"]
[SourceDate "2017.12.12"]
[SourceVersion "1"]
[SourceVersionDate "2017.12.12"]
[SourceQuality "1"]

1. e4 c6 2. d4 d5 3. exd5 cxd5 4. c4 Nf6 5. Nc3 e6 6. cxd5 Nxd5 7. Nf3 Nxc3 8. bxc3 a6 9. Ne5 Nd7 10. Nf3 Nf6 11. Bd3 Be7 12. 0-0 b5 13. Re1 Bb7 14. Bc2 Bxf3 15. Qxf3 0-0 16. Bg5 g6 17. Rad1 Nd5 18. Bxe7 Nxe7 19. h4 Nf5 20. h5 Ng7 21. h6 Nf5 22. Bxf5 exf5 23. d5 Qg5 24. d6 Qxh6 25. d7 Rad8 26. Qc6 Qf4 27. Re8 Qb8 28. Rde1 Kg7 29. Rxd8 Qxd8 30. Re8 Qg5 31. d8Q Qc1+ 32. Kh2 1-0

[Event "Cuiaba Contaud op"]
[Site "Cuiaba"]
[Date "2017.07.29"]
[Round "4"]
[White "Da Silva, Marcelo Rosa"]
[Black "Dornelles, Marcio Neron Camarg"]
[Result "1/2-1/2"]
[WhiteElo "1773"]
[BlackElo "1992"]
[PlyCount "79"]
[EventDate "2017.07.28"]
[EventType "swiss"]
[EventRounds "6"]
[EventCountry "BRA"]
[SourceTitle "EXT 2018"]
[Source "ChessBase"]
[SourceDate "2017.10.13"]
[SourceVersion "1"]
[SourceVersionDate "2017.10.13"]
[SourceQuality "1"]

1. c4 c5 2. Nf3 Nc6 3. Nc3 g6 4. g3 Bg7 5. Bg2 e5 6. e4 Nge7 7. d3 d6 8. a3 0-0 9. 0-0 h6 10. h3 Be6 11. Rb1 Qd7 12. Kh2 f5 13. b4 Rf7 14. b5 Nd4 15. Nxd4 exd4 16. exf5 dxc3 17. fxe6 Qxe6 18. Bxb7 Raf8 19. Be3 Kh7 20. Bg2 Nf5 21. Qe1 Re7 22. Be4 Be5 23. f4 Bd4 24. Bxd4 cxd4 25. a4 Rfe8 26. Qf2 Qf6 27. Rfe1 Ne3 28. Qf3 d5 29. cxd5 c2 30. Rbc1 Rc8 31. Rxe3 dxe3 32. Qxe3 Rc3 33. Qd2 Qd4 34. Rxc2 Rec7 35. Rxc3 Rxc3 36. Qb2 Qc5 37. Bg2 Rxd3 38. Qf6 Qe3 39. Qf7+ Kh8 40. Qf8+ 1/2-1/2

[Event "Caldas Novas op 1st"]
[Site "Caldas Novas"]
[Date "2017.03.11"]
[Round "3"]
[White "Juliani, Sidney"]
[Black "Dornelles, Marcio Neron Camarg"]
[Result "1-0"]
[WhiteElo "1872"]
[BlackElo "1980"]
[PlyCount "107"]
[EventDate "2017.03.10"]
[EventType "swiss"]
[EventRounds "6"]
[EventCountry "BRA"]
[SourceTitle "CBM 177 Extra"]
[Source "ChessBase"]
[SourceDate "2017.04.27"]
[SourceVersion "1"]
[SourceVersionDate "2017.04.27"]
[SourceQuality "1"]

1. e4 c5 2. Nc3 g6 3. f4 Bg7 4. Nf3 e6 5. Bc4 Ne7 6. d3 0-0 7. 0-0 d5 8. Bb3 Nbc6 9. Qe1 dxe4 10. dxe4 Nd4 11. Be3 b5 12. a3 Bb7 13. Rd1 Qb6 14. Qf2 Rfd8 15. Ba2 Nec6 16. f5 Nxf3+ 17. gxf3 Nd4 18. fxe6 fxe6 19. Rd2 c4 20. Nxb5 Qxb5 21. Bxd4 Rd7 22. Bxg7 Qg5+ 23. Qg2 Qxd2 24. Qxd2 Rxd2 25. Bc3 Rd6 26. Bxc4 Ba6 27. Bxa6 Rxa6 28. Rd1 Rf8 29. Kf2 g5 30. Rg1 h6 31. h4 Kf7 32. hxg5 hxg5 33. Rxg5 Rg8 34. Rxg8 Kxg8 35. Bd4 Rc6 36. c3 a6 37. Ke3 Kf7 38. Kd3 Ke7 39. b4 Kd6 40. f4 Rc8 41. c4 Rg8 42. Be5+ Kc6 43. f5 exf5 44. exf5 Rg5 45. Ke4 Rg1 46. f6 Kd7 47. Kd5 Rd1+ 48. Bd4 Rd3 49. c5 Rxa3 50. c6+ Kc7 51. Be5+ Kb6 52. c7 Kb7 53. Ke6 Rf3 54. Kd7 1-0